Vista normal Vista MARC

Entrada Topical Term

Número de registros utilizados en: 1

001 - CONTROL NUMBER

  • control field: 35988

003 - CONTROL NUMBER IDENTIFIER

  • control field: OSt

005 - DATE AND TIME OF LATEST TRANSACTION

  • control field: 20210312104834.0

008 - FIXED-LENGTH DATA ELEMENTS

  • fixed length control field: 210312|| aca||aabn | a|a d

040 ## - CATALOGING SOURCE

  • Original cataloging agency: OSt
  • Transcribing agency: OSt

150 ## - HEADING--TOPICAL TERM

  • Topical term or geographic name entry element: Parque arqueológico de Teyuna (Ciudad perdida)
  • Geographic subdivision: Magdalena (Colombia)

670 ## - SOURCE DATA FOUND

  • Source citation: Work cat.: (OSt): Instituto colombiano de antropología e historia 35987, Descubriendo el parque arqueológico nacional de Teyuna-Ciudad perdida : , 2013